000 00400 a2200169 4500
001 182861
020 _a85-86187-01-1
040 _cMagnum
100 _aSociedade Brasileira de Medicos e Escritores - Sp
240 1 0 _aCriação: prosa e poesia
_lpor
245 1 0 _aCriação: prosa e poesia
300 _a126
362 0 _a1996
440 1 _aÁtica
697 _aLITERATURA GERAL
942 _cBK
999 _c182861
_d182861